| Record ID | ia:experiencingarch00rasm |
| Source | Internet Archive |
| Download MARC XML | https://archive.org/download/experiencingarch00rasm/experiencingarch00rasm_marc.xml |
| Download MARC binary | https://www.archive.org/download/experiencingarch00rasm/experiencingarch00rasm_meta.mrc |
LEADER: 01949cam 2200589Ia 4500
001 ocm11605156
003 OCoLC
005 20101006131513.0
008 850122t19641962maua 001 0 eng d
040 $aNRM$cNRM$dOCL$dOCLCQ$dBAKER$dBTCTA$dLVB$dYDXCP$dOCLCG$dAU@$dSINLB
019 $a45617446
020 $a0262680025 (pbk.)
020 $a9780262680028 (pbk.)
035 $a(OCoLC)11605156$z(OCoLC)45617446
041 1 $aeng$hdan
050 00 $aNA2550$b.R313 1962
082 04 $a720$221
100 1 $aRasmussen, Steen Eiler,$d1898-1990.
245 10 $aExperiencing architecture /$cby Steen Eiler Rasmussen.
250 $a1st MIT Press paperback ed.
260 $aCambridge [Mass.] :$bM.I.T. Press,$c1964, c1962.
300 $a245 p. :$bill. ;$c21 cm.
500 $aIncludes index.
650 0 $aArchitecture.
650 6 $aArchitecture.
938 $aBaker & Taylor$bBKTY$c21.00$d21.00$i0262680025$n0000487668$sactive
938 $aBaker and Taylor$bBTCP$nbl 98012513
938 $aYBP Library Services$bYANK$n149319
952 $a11605156$zNRM$bNORTH CAROLINA COMMUN COL SYST, LIBR RES$hFull OCLC member$iLCC$kDDC$u20100630
952 $a171199062$zNGA$bNATIONAL GALLERY OF ART$hFull$u20100625
029 1 $aNLGGC$b043598315
029 1 $aAU@$b000000643730
029 1 $aUNITY$b01896933X
029 1 $aUKSFD$b0262680025
029 1 $aWOLVL$b0262680025
029 1 $aUKELG$b0262680025
029 1 $aUKLBR$b0262680025
029 1 $aLONBM$b0262680025
029 1 $aLBRUT$b0262680025
029 1 $aUKLBX$b0262680025
029 1 $aLGL$b0262680025
029 1 $aUKHSF$b0262680025
029 1 $aZME$b0262680025
029 1 $aUKCCC$b0262680025
029 1 $aUKHCL$b0262680025
029 1 $aUKGUL$b0262680025
029 1 $aULEDC$b0262680025
029 1 $aUKKLI$b0262680025
029 1 $aUKWCC$b0262680025
029 1 $aUKCRD$b0262680025
994 $aZ0$bPMR
948 $hNO HOLDINGS IN PMR - 347 OTHER HOLDINGS